000 005220000a22001570004500
003 MACL
005 20171122155452.0
008 171122b xxu||||| |||| 00| 0 eng d
040 _cMACL
100 _aएस शरत
_969480
245 _aउर्दू की श्रेष्‍ठ प्रेम कहानियां
260 _bराहित पब्लिकेशन
_c2002
_aदिल्‍ली
350 _a150
650 _aकहानियां
_933092
942 _cHIN
_k891.433/SHA/S
_2ddc
999 _c11767
_d11767